00338nam a2200121Ia 450000500170000000800410001708200130005810000190007124500470009026000310013730000120016850000360018020250317150559.0240331s9999 xx 000 0 und d bJOTa894 aJothirani, K.A 0aThamil ilakkiyankal samuthaya adaiyalankal aChennaibKavya Booksc2004 a54 p ., asanga ilakkiyam varaka pakuppum